Les ensembles
Αποθηκεύτηκε σε:
| Κύριος συγγραφέας: | |
|---|---|
| Μορφή: | Βιβλίο |
| Γλώσσα: | French |
| Δημοσίευση: |
Paris :
Bordas,
1971
|
| Σειρά: | Collection Bordas-connaissance. Serie Universite ;
; 91 |
| Θέματα: | |
| Ετικέτες: |
Προσθήκη ετικέτας
Δεν υπάρχουν, Καταχωρήστε ετικέτα πρώτοι!
|
MARC
| LEADER | 00000cam a2200000 i 4500 | ||
|---|---|---|---|
| 001 | 1/6432 | ||
| 008 | 100414s1971 fre d | ||
| 035 | |l 10107509 | ||
| 040 | |a GR-MY-UA |b gre |e aacr | ||
| 041 | 0 | |a fre | |
| 082 | 0 | |a 511.322 |2 (22) | |
| 100 | 1 | |a Chambadal, L. |q (Lucien) | |
| 245 | 1 | 4 | |a Les ensembles / |c Lucien Chambadal |
| 260 | |a Paris : |b Bordas, |c 1971 | ||
| 300 | |a 142 σ.; |c 17 εκ. | ||
| 490 | 1 | |a Collection Bordas-connaissance. Serie Universite |v ; 91 | |
| 504 | |a Περιέχει βιβλιογραφικές παραπομπές και ευρετήριο | ||
| 650 | 0 | 0 | |a Set theory. |
| 830 | 0 | |a Collection Bordas-connaissance. Serie Universite ; |v ; 91 | |
| 852 | |a INST |b SAMOS |c MAG |e 20100414 |h 511.322 CHA |p 005300032044 |q 005300032044 |t BK |y 0 | ||
| 901 | |a BIBL3-2010-1 | ||
| 909 | |a Σ |b 162165 | ||
| 970 | |a ΡΟΥΣΣΟΥ |b ΚΩΝΣΤΑΝΤΙΝΑ |z 2010/04/14 | ||